000 01603nam a22003497c 4500
001 59410
003 CO-BoRNBP
005 20251008214518.0
007 ta
008 250130s2024 ck a|||br|||| 000 0bspa d
020 _a9786287589537
040 _aCO-BoRNBP
_bspa
_erda
_cCO-BoRNBP
041 0 _aspa
043 _as-ck---
082 0 4 _223
_a928.61
_bG17n
100 _aNaranjo, John,
_eaut
_964862
245 1 3 _aUn hombre llamado Gabito /
_ctextos John Naranjo ; ilustración de Gisela Bohórquez.
250 _aEdición especial
264 1 _aBogotá, Colombia :
_bRey Naranjo Editores,
_c2024
300 _a32 páginas sin numerar :
_bilustraciones a color
336 _2rdacontent
_atexto
_btxt
337 _2rdamedia
_asin mediación
_bn
338 _2rdacarrier
_avolumen
_bnc
520 _aSu origen: un país llamado Colombia. Su nombre: Gabriel García Márquez, a quien todos sus queridos llamaban Gabito. De Aracataca a Estocolmo pasando por Bogotá, París y Ciudad de México, un hombre con ojos de niño e imaginación de genio deleita al mundo con la prosa más hermosa que se ha escrito en los últimos tiempos
521 _aRecomendado para un público infantil mayor de 6 años
545 _aIncluye datos biográficos del autor y de la ilustradora
600 0 _aGarcia Márquez, Gabriel
_d1927-2014
_xLiteratura infantil
_xBiografías
_965497
650 0 4 _aEscritores Colombianos
_vBiografías
_ySiglo XX
_2LEMB
_965498
650 0 4 _aLiteratura infantil colombiana
_vBiografías
_ySiglo XX
_2LEMB
_965499
700 _aBohórquez Malaver, Gisela
_eill
_965500
942 _2ddc
_cBKINF
_n0
999 _c59410
_d59410